000 01057cam a22001934a 4500
005 20250605164003.0
008 250528s ||||||||||||||||||||||||d
035 _a15722
020 _a43302815
040 _aGR-AtMCL
_bgre
_dGR-AtMCL
_eAACR2
245 1 _aThe Economic Growth Debate / An Assessment
260 _bGeorge Allen & Unwin Ltd,
_c1977
300 _a280
520 _aThe author makes a choice among the alternative criteria for appraising the arguments, and goes on to show that almost all the favorite pro-growth arguments are ''non-agenda''. Preface, Foreword, Agenda and Non-Agenda in the Economic Growth Debate, Why a Strictly Economic Approach Will not Serve, An Alternative Approach to the Debate, The Non-Agenda of the Economic Growth Debate, Fading Hopes for Economic Growth, Economic Growth and the Good Life: Fundamental Disharmonies, Constituents of the Good Life, On Technology and Freedom, Final Reflections, Postscript, References, Index.
700 1 _aMishan E.J
_91688
942 _cBK
999 _c1278
_d1278